[Event "World ol U16"]
[Site "Poprad"]
[Date "2016.07.25"]
[Round "5.4"]
[White "Ieong, Pui Kuan"]
[Black "Wartiovaara, Oliver"]
[Result "1/2-1/2"]
[WhiteElo "1220"]
[BlackElo "1513"]
[PlyCount "132"]
[EventDate "2016.07.22"]
[EventType "team-swiss"]
[EventRounds "9"]
[EventCountry "SVK"]
[SourceTitle "EXT 2017"]
[Source "ChessBase"]
[SourceDate "2016.10.25"]
[SourceVersion "1"]
[SourceVersionDate "2016.10.25"]
[SourceQuality "1"]
[WhiteTeam "Macau"]
[BlackTeam "Finland"]
[WhiteTeamCountry "MAC"]
[BlackTeamCountry "FIN"]

1. e4 c5 2. Nf3 d6 3. d4 cxd4 4. Nxd4 Nf6 5. Nc3 g6 6. Be3 Bg7 7. Qd2 Ng4 8. 0-0-0 Nxe3 9. Qxe3 0-0 10. f3 Nc6 11. Nxc6 bxc6 12. Bc4 a5 13. g4 a4 14. a3 Qa5 15. h4 h5 16. g5 Be6 17. Bxe6 fxe6 18. Ne2 Rab8 19. c3 Rb3 20. Rd2 Qb6 21. Qxb6 Rxb6 22. Rf1 d5 23. Rdd1 Rfb8 24. Rd2 Be5 25. Rf2 Bd6 26. Nd4 Bf4 27. Nxe6 Bxd2+ 28. Rxd2 dxe4 29. fxe4 Kf7 30. Nc5 Ra8 31. Rd4 Rb5 32. Nxa4 Rba5 33. Nb6 R8a6 34. Nc4 Rb5 35. b4 Ra8 36. Kb2 Ke6 37. Kc2 Rf8 38. a4 Rb7 39. a5 c5 40. a6 cxd4 41. axb7 dxc3 42. Kxc3 Rb8 43. Na5 Kd6 44. Kd4 Kc7 45. Kc5 e6 46. e5 Rd8 47. Kc4 Kb6 48. Kc3 Rb8 49. Kb3 Kb5 50. Kc3 Rd8 51. Nc4 Kc6 52. Nd6 Kb6 53. Kc4 Rb8 54. b5 Rf8 55. Kd4 Rd8 56. Kc4 Rf8 57. Kb4 Rb8 58. Nc8+ Kxb7 59. Ne7 Rd8 60. Nxg6 Rd4+ 61. Kc5 Rd5+ 62. Kc4 Kb6 63. Kb4 Rxb5+ 64. Kc4 Ra5 65. Kd4 Ra4+ 66. Ke3 Ra3+ 1/2-1/2